| 000 | 00554 a2200145 4500 | ||
|---|---|---|---|
| 082 | _aA | ||
| 100 |
_aHaris Mahmood _992570 |
||
| 245 |
_aOptimizing efficiency for solar power system _cHaris Mahmood & M. Waseem Arshad |
||
| 260 |
_aIslamabad : _bNUST School of Electrical Engineering & Computer Science, _c2009. |
||
| 300 |
_a94 p. : _bill. ; _c27 cm + _eCD-ROM |
||
| 500 | _aSupervisors : Mr. Abrar Butt, Dr. Rehan Hafiz. | ||
| 700 |
_aM. Waseem Arshad _992571 |
||
| 856 | _uhttp://10.250.8.41:8080/xmlui/handle/123456789/6012 | ||
| 942 |
_cPR _kBEE-2 HAR _2ddc |
||
| 999 |
_c10061 _d10061 |
||